000 005570000a22001330004500
773 0 _tEl eafitense
100 1 _aBotero M., Clara Elena
245 1 0 _a"En Colombia el déficit preocupante es el de la buena fe"
300 _aVol.0, núm.91 (2007), Páginas 18-21
500 _aEntrevista al periodista Alberto Donadío
520 _a- Guillermo Cano defensor de la ley y el derecho - Unidad investigativa de El Tiempo: conflictos internos - Censura y autocensura- Los periódicos de hoy: simples carteleras
650 1 4 _a PERIODISMO-COLOMBIA
942 _cANA
999 _c62825
_d62825